Misiones secretas / (Record no. 144733)

MARC details
000 -LEADER
campo de control de longitud fija 00767nam a2200217 i 4500
001 - NÚMERO DE CONTROL
campo de control 144733
003 - IDENTIFICADOR DE NÚMERO DE CONTROL
campo de control ES-MaACL
005 - FECHA Y HORA DE LA ÚLTIMA TRANSACCIÓN
campo de control 20251003063130.0
007 - CAMPO FIJO DE DESCRIPCIÓN FÍSICA--INFORMACIÓN GENERAL
campo de control de longitud fija t|
008 - DATOS DE LONGITUD FIJA--INFORMACIÓN GENERAL
campo de control de longitud fija 070214s1950 sp r ||||1| spa d
100 1# - ENTRADA PRINCIPAL--NOMBRE DE PERSONA
Nombre de persona Skorzeny, Otto,
Fechas asociadas al nombre 1908-1975
9 (RLIN) 106756
245 10 - MENCIÓN DEL TÍTULO
Título Misiones secretas /
Mención de responsabilidad, etc. Otto Skorzeny ; [traducción por Carlos Martínez-Barbeito].
250 ## - MENCION DE EDICION
Mención de edición 1ª ed.
260 ## - PUBLICACIÓN, DISTRIBUCIÓN, ETC.
Lugar de publicación, distribución, etc. Barcelona :
Nombre del editor, distribuidor, etc. Destino,
Fecha de publicación, distribución, etc. 1950 (
Fabricante Agustín Núñez)
300 ## - DESCRIPCIÓN FÍSICA
Extensión 226 p. ;
Dimensiones 19 cm.
650 ## - PUNTO DE ACCESO ADICIONAL DE MATERIA--TÉRMINO DE MATERIA
Término de materia o nombre geográfico como elemento de entrada Guerra mundial, 1939-1945-
Subdivisión general Servicios secretos-
Subdivisión geográfica Alemania.
9 (RLIN) 163961
650 #4 - PUNTO DE ACCESO ADICIONAL DE MATERIA--TÉRMINO DE MATERIA
Término de materia o nombre geográfico como elemento de entrada Guerra mundial, 1939-1945-
Subdivisión de forma Relatos personales alemanes.
9 (RLIN) 13255
700 1# - ENTRADA AGREGADA--NOMBRE PERSONAL
Nombre de persona Martínez-Barbeito, Carlos,
Fechas asociadas al nombre 1913-1997
9 (RLIN) 77884
852 ## - LOCALIZACIÓN
Ubicación ES-MaACL
Número de control de estantería D-6190
Holdings
Estatus retirado Estado de pérdida Estado de daño No para préstamo Biblioteca de origen Biblioteca actual Ubicación en estantería Fecha de adquisición Fuente de adquisición Total de préstamos Signatura topográfica completa Código de barras Visto por última vez Precio de reemplazo Tipo de ítem Koha
        Biblioteca del Ateneo de Madrid Biblioteca del Ateneo de Madrid Sala Valle Inclán 17/01/2008     D-6190 901150921 23/02/2023 23/02/2023 Libro impreso